000 00771nam a2200241 i 4500
003 DO-SdBNP
005 20260310082153.0
007 ta
008 260410s dr o 000 0 spa d
040 _aDO-SdBNP
_bspa
_cBNPHU
_erda
041 _aspa
082 _axxxx
_bA345p
_222
100 _aAlburquerque, Ramón
_eautor
_911765
245 1 0 _aLa participación del estado en las reformas económicas y sociales :
_brol y percepción del senado /
_cRamón Alburquerque
264 1 _aSanto Domingo :
_bCámara Americana de Comercio,
_c1999
300 _a44 páginas ;
_c24 cm.
336 _2rdacontent
_atexto
_btxt
337 _2rdamedia
_asin mediación
_bn
338 _2rdacarrier
_avolumen
_bnc
590 _aInventariado, 2026/DG
910 _aDG
942 _2ddc
_cLF2
999 _c60472
_d60472